000 00290nam a22001337a 4500
008 181008b xxu||||| |||| 00| 0 eng d
020 _a080150496
041 _aeng
080 _a617
100 _a5
101 _aKIR
245 _aPerioperative Management
_cBreslow,M.J
942 _2udc
_cBK
999 _c49005
_d49005